000 01129cam a22001934a 4500
005 20250605164213.0
008 250528s ||||||||||||||||||||||||d
035 _a20373
020 _a201633469
040 _aGR-AtMCL
_bgre
_dGR-AtMCL
_eAACR2
245 1 _aTCP/ IP Illustrated, Volume 1 / The Protocols
260 _bAmerican Psychological Association,
_c1994
300 _a582
520 _aA complete TCP/ IP protocol suite with an important difference from other books on the subject. Preface, Introduction, Link Layer, IP: Internet Protocol, ARP: Address Resolution Protocol, RARP: Reverse Address Resolution Protocol, ICMP: Internet Control Message Protocol, Ping Program, Traceroute Program, IP Routing, Dynamic Routing Protocols, Broadcasting and Multicasting, DNS: The Domain Name System, TFTP: Trivial File Transfer Protocol, TCP: Transmission Control Protocol, TCP Interactive Data Flow, TCP Persist Timer, TCP Futures and Performance, Telnet and Rlogin: Remote Login, Other TCP/ IP Applications, Bibliography, Index.
700 1 _aStevens Richard W
_96360
942 _cBK
999 _c5489
_d5489